Name-to-Face IZ*ONE - Statistics

General Stats
  • This quiz has been taken 22 times
  • The average score is 142 of 144
Answer Stats
Question Tile Select % Correct
Eunbi No
100%
Eunbi No
100%
Eunbi No
100%
Eunbi No
100%
Eunbi No
100%
Eunbi No
100%
Eunbi No
100%
Eunbi No
100%
Eunbi No
100%
Sakura No
100%
Sakura No
100%
Sakura No
100%
Sakura No
100%
Sakura No
100%
Sakura No
100%
Sakura No
100%
Sakura No
100%
Sakura No
100%
Kang Hyewon No
100%
Kang Hyewon No
100%
Kang Hyewon No
100%
Kang Hyewon No
100%
Kang Hyewon No
100%
Kang Hyewon No
100%
Kang Hyewon No
100%
Kang Hyewon No
100%
Kang Hyewon No
100%
Kang Hyewon No
100%
Yena No
100%
Yena No
100%
Yena No
100%
Yena Yes
100%
Yena No
100%
Yena No
100%
Yena No
100%
Yena No
100%
Yena No
100%
Yena No
100%
Yena No
100%
Yena No
100%
Lee Chae Yeon No
100%
Lee Chae Yeon No
100%
Lee Chae Yeon No
100%
Lee Chae Yeon No
100%
Lee Chae Yeon Yes
100%
Lee Chae Yeon No
100%
Lee Chae Yeon No
100%
Lee Chae Yeon No
100%
Lee Chae Yeon No
100%
Lee Chae Yeon No
100%
Lee Chae Yeon No
100%
Kim Chaewon No
100%
Kim Chaewon No
100%
Kim Chaewon No
100%
Kim Chaewon No
100%
Kim Chaewon No
100%
Kim Chaewon No
100%
Kim Chaewon No
100%
Kim Chaewon No
100%
Kim Chaewon No
100%
Minju No
100%
Minju No
100%
Minju No
100%
Minju No
100%
Minju No
100%
Minju No
100%
Minju No
100%
Minju No
100%
Minju No
100%
Nako No
100%
Nako No
100%
Nako No
100%
Nako No
100%
Nako No
100%
Nako No
100%
Nako No
100%
Nako No
100%
Nako No
100%
Hitomi No
100%
Hitomi No
100%
Hitomi No
100%
Hitomi No
100%
Hitomi No
100%
Hitomi No
100%
Hitomi No
100%
Hitomi No
100%
Hitomi Yes
100%
Hitomi No
100%
Hitomi No
100%
Hitomi No
100%
Jo Yuri No
100%
Jo Yuri No
100%
Jo Yuri No
100%
Jo Yuri No
100%
Jo Yuri No
100%
Jo Yuri No
100%
Jo Yuri No
100%
Jo Yuri No
100%
Jo Yuri No
100%
Jo Yuri No
100%
Yujin No
100%
Yujin No
100%
Yujin No
100%
Yujin No
100%
Yujin No
100%
Yujin No
100%
Yujin No
100%
Yujin No
100%
Yujin No
100%
Wonyoung No
100%
Wonyoung No
100%
Wonyoung No
100%
Wonyoung No
100%
Wonyoung No
100%
Wonyoung No
100%
Wonyoung No
100%
Wonyoung No
100%
Wonyoung No
100%
Wonyoung No
100%
Eunbi Yes
95%
Eunbi No
95%
Eunbi No
95%
Sakura No
95%
Kang Hyewon Yes
95%
Kim Chaewon No
95%
Kim Chaewon Yes
95%
Kim Chaewon No
95%
Minju No
95%
Minju No
95%
Nako No
95%
Nako No
95%
Jo Yuri No
95%
Jo Yuri Yes
95%
Yujin No
95%
Yujin No
95%
Wonyoung No
95%
Wonyoung Yes
95%
Sakura Yes
89%
Sakura No
89%
Lee Chae Yeon No
89%
Minju Yes
89%
Nako Yes
89%
Yujin Yes
89%
Kang Hyewon No
84%
No matching quizzes found
Score Distribution
Percent of People with Each Score
Percentile by Number Answered
Your Score History
You have not taken this quiz